header

Two-step approaches to natural language formalisms (Record no. 220840)

MARC details
000 -LEADER
fixed length control field 01256nam a2200313Ia 4500
082 04 - DEWEY DECIMAL CLASSIFICATION NUMBER
Classification number 415/.01/51
100 1# - MAIN ENTRY--AUTHOR NAME
Personal name Morawietz, Frank,
245 10 - TITLE STATEMENT
Title Two-step approaches to natural language formalisms
260 ## - PUBLICATION, DISTRIBUTION, ETC. (IMPRINT)
Place of publication New York :
Name of publisher Mouton de Gruyter,
Year of publication 2003.
300 ## - PHYSICAL DESCRIPTION
Number of Pages xiv, 246 p.
490 1# - SERIES STATEMENT
Series statement Studies in generative grammar ;
650 #0 - SUBJECT ADDED ENTRY--TOPICAL TERM
Topical Term Formalization (Linguistics)
Topical Term Computational linguistics.
856 40 - ELECTRONIC LOCATION AND ACCESS
Uniform Resource Identifier http://site.ebrary.com/lib/rucke/Doc?id=10194906

No items available.

© 2026 Rongo University
Contact us: librarian | system librarian | Rongo university